| 000 | 00716nam a22001937a 4500 | ||
|---|---|---|---|
| 999 |
_c176062 _d176062 |
||
| 005 | 20201026160413.0 | ||
| 010 | _aUR-10915 | ||
| 020 |
_c150.00 _a9789389358988 |
||
| 035 | _aU-9470 | ||
| 037 | _bDBAD/PUB | ||
| 082 | _a841 | ||
| 100 | _dمحمد حنيف بشر بيجا پو ر ی | ||
| 245 |
_aا ر مغا ن بشر(بر آ ۓ ا طفا ل ) _cمحمد حنيف بشر بيجا پو ر ی |
||
| 246 |
_bArmughan-e-Bashar (Urdu) _aby Bashar Bijapuri |
||
| 260 |
_aN.Delhi _bEducational Publishing House _c2019 ء |
||
| 270 |
_aH.O.D1/16,Ansari Road,Darya ganj, _bN.Delhi _e110002 _k45678285,23216162 _l0091-11-23211540 |
||
| 300 |
_a128 ص _c22 Cm(Hb) |
||
| 942 |
_2ddc _cUR _h841 _mب ش ر |
||